<?xml version="1.0" encoding="UTF-8"?>
<record
    xmlns:xsi="http://www.w3.org/2001/XMLSchema-instance"
    xsi:schemaLocation="http://www.loc.gov/MARC21/slim http://www.loc.gov/standards/marcxml/schema/MARC21slim.xsd"
    xmlns="http://www.loc.gov/MARC21/slim">

  <leader>01010nam0a22002531  4500</leader>
  <controlfield tag="001">rc\2745225</controlfield>
  <controlfield tag="005">20260408001827.0</controlfield>
  <datafield tag="035" ind1=" " ind2=" ">
    <subfield code="a">(NLR Aleph) 006872298</subfield>
  </datafield>
  <datafield tag="090" ind1=" " ind2=" ">
    <subfield code="a">6960330</subfield>
    <subfield code="c">6960330</subfield>
  </datafield>
  <datafield tag="100" ind1=" " ind2=" ">
    <subfield code="a">20110915d1939    |||y0rusy50      ca</subfield>
  </datafield>
  <datafield tag="101" ind1="0" ind2=" ">
    <subfield code="a">rus</subfield>
  </datafield>
  <datafield tag="102" ind1=" " ind2=" ">
    <subfield code="a">RU</subfield>
  </datafield>
  <datafield tag="105" ind1=" " ind2=" ">
    <subfield code="a">y   z   |||||</subfield>
  </datafield>
  <datafield tag="200" ind1="1" ind2=" ">
    <subfield code="a">&#x412;&#x435;&#x442;&#x440;&#x43E;&#x434;&#x432;&#x438;&#x433;&#x430;&#x442;&#x435;&#x43B;&#x44C; &#x422;&#x412; 8</subfield>
    <subfield code="e">&#x422;&#x435;&#x445;&#x43D;. &#x443;&#x441;&#x43B;&#x43E;&#x432;&#x438;&#x44F; &#x441;&#x434;&#x430;&#x447;&#x438; &#x438; &#x43F;&#x440;&#x438;&#x435;&#x43C;&#x43A;&#x438;</subfield>
    <subfield code="f">&#x421;&#x43E;&#x441;&#x442;. &#x438;&#x43D;&#x436;. &#x41F;. &#x413;. &#x411;&#x435;&#x43B;&#x43E;&#x443;&#x441;</subfield>
    <subfield code="g">&#x41D;&#x41A;&#x41C; &#x421;&#x421;&#x421;&#x420;. &#x413;&#x43B;&#x430;&#x432;&#x441;&#x435;&#x43B;&#x44C;&#x43C;&#x430;&#x448; ...</subfield>
  </datafield>
  <datafield tag="210" ind1=" " ind2=" ">
    <subfield code="a">&#x425;&#x435;&#x440;&#x441;&#x43E;&#x43D;</subfield>
    <subfield code="c">&#x417;-&#x434; &#x438;&#x43C;. &#x41F;&#x435;&#x442;&#x440;&#x43E;&#x432;&#x441;&#x43A;&#x43E;&#x433;&#x43E;</subfield>
    <subfield code="d">1939</subfield>
    <subfield code="g">&#x413;&#x43E;&#x441;&#x442;&#x438;&#x43F;. &#x438;&#x43C;. &#x41B;&#x435;&#x43D;&#x438;&#x43D;&#x430;</subfield>
  </datafield>
  <datafield tag="215" ind1=" " ind2=" ">
    <subfield code="a">20 &#x441;.</subfield>
    <subfield code="d">20 &#x441;&#x43C;.</subfield>
  </datafield>
  <datafield tag="300" ind1=" " ind2=" ">
    <subfield code="a">&#x412; &#x43A;&#x43E;&#x43D;&#x446;&#x435; &#x442;&#x435;&#x43A;&#x441;&#x442;&#x430;: &#x421;&#x43E;&#x441;&#x442;. &#x438;&#x43D;&#x436;. &#x41F;. &#x413;. &#x411;&#x435;&#x43B;&#x43E;&#x443;&#x441;</subfield>
  </datafield>
  <datafield tag="702" ind1=" " ind2="1">
    <subfield code="a">&#x411;&#x435;&#x43B;&#x43E;&#x443;&#x441;</subfield>
    <subfield code="b">&#x41F;.&#x413;.</subfield>
    <subfield code="4">220</subfield>
  </datafield>
  <datafield tag="712" ind1="0" ind2="2">
    <subfield code="a">&#x417;&#x430;&#x432;&#x43E;&#x434; &#x441;&#x435;&#x43B;&#x44C;&#x441;&#x43A;&#x43E;&#x445;&#x43E;&#x437;&#x44F;&#x439;&#x441;&#x442;&#x432;&#x435;&#x43D;&#x43D;&#x43E;&#x433;&#x43E; &#x43C;&#x430;&#x448;&#x438;&#x43D;&#x43E;&#x441;&#x442;&#x440;&#x43E;&#x435;&#x43D;&#x438;&#x44F;</subfield>
    <subfield code="c">&#x425;&#x435;&#x440;&#x441;&#x43E;&#x43D;</subfield>
    <subfield code="3">RU\NLR\AUTH\8810166139</subfield>
    <subfield code="9">828259</subfield>
  </datafield>
  <datafield tag="801" ind1=" " ind2="0">
    <subfield code="a">RU</subfield>
    <subfield code="b">NLR</subfield>
    <subfield code="g">psbo</subfield>
  </datafield>
  <datafield tag="801" ind1=" " ind2="1">
    <subfield code="a">RU</subfield>
    <subfield code="b">ELAR</subfield>
    <subfield code="2">rusmarc</subfield>
  </datafield>
  <datafield tag="852" ind1=" " ind2=" ">
    <subfield code="a">NLR</subfield>
    <subfield code="j">39-10/1998</subfield>
  </datafield>
  <datafield tag="942" ind1=" " ind2=" ">
    <subfield code="c">BOOK</subfield>
  </datafield>
  <datafield tag="980" ind1=" " ind2=" ">
    <subfield code="a">NB</subfield>
  </datafield>
  <datafield tag="995" ind1=" " ind2=" ">
    <subfield code="5">2013-10-26</subfield>
    <subfield code="b">NLR02</subfield>
    <subfield code="c">NLR02</subfield>
    <subfield code="e">RFS</subfield>
    <subfield code="f">6872298-10</subfield>
    <subfield code="k">39-10/1998</subfield>
    <subfield code="o">0</subfield>
    <subfield code="r">BOOK</subfield>
    <subfield code="s">39101998_</subfield>
  </datafield>
</record>
